| 000 | 00413nam a22001577a 4500 | ||
|---|---|---|---|
| 003 | CEME | ||
| 005 | 20210628204132.0 | ||
| 008 | 210106b xxu||||| |||| 00| 0 eng d | ||
| 040 | _c. | ||
| 082 | _a005.8 YOU | ||
| 100 |
_aMuhammad Younis Javed, Hassan Tahir _968876 |
||
| 245 | _aOptimized security protocol for wireless sensor networks | ||
| 260 | _bLAMBERT | ||
| 650 |
_aDATA LOST _968546 |
||
| 942 |
_cBK _2ddc |
||
| 999 |
_c576336 _d576336 |
||